$a Antes estaban los dinosaurios (Registro nro. 57062)

Detalles MARC
000 -LDR (LÍDER)
fixed length control field 00669 a2200217 4500
020 ## - ISBN
ISBN $a9786289568943
022 ## - ISSN
ISSN
084 ## - Clasificación facetada
Número de clasificación P
100 1# - Autor
Nombre $a Tessaro $b Gek $d 1957$a
9 (RLIN) 59367
245 10 - Título
Título $a Antes estaban los dinosaurios
250 ## - Edición
Edición $a Edicin̤ especial
264 #1 - Pie de imprenta
Ciudad de publicación $a Medelln̕ , Colombia
Editorial $b As ediciones
Año $c 2023
300 ## - Descripción física
Extensión $a Pg̀inas ilustradas a color
490 0# - Serie
Serie $a Plan Nacional de Lectura, Escritura y Oralidad
653 #4 - Tema
Tema $a Poesa̕ Infantil italiana Siglo XXI
653 #4 - Tema
Tema $a Literatura infantil italiana Siglo XXI
653 #4 - Tema
Tema $a Dinosaurios en la literatura
942 ## - Información adicional
Tipo de material Libro Infantil
Existencias
Estado de pérdida Fuente del sistema de clasificación o colocación Estado de daño Koha normalized classification for sorting Not for loan Biblioteca Biblioteca actual Localización Fecha de adquisición Koha issues (times borrowed) Signatura topográfica Código de barras Koha date last seen Ejemplar Price effective from Tipo de ítem
  Dewey Decimal Classification   P_TES1   Biblioteca Pública Castilla La Nueva -Ecobiblioteca Biblioteca Pública Castilla La Nueva -Ecobiblioteca Sala Infantil 03/19/2025   P TES1 CLN00180 03/19/2025 Ej.1 03/19/2025 Libro Infantil









Instituto Departamental de Cultura del Meta - Red Departamental de Bibliotecas Públicas del Meta.